[Event "Montreal Pere Noel op"]
[Site "Montreal"]
[Date "2023.12.30"]
[Round "4"]
[White "Kot, Emanuel"]
[Black "Gagnon, Serge"]
[Result "1-0"]
[WhiteElo "2033"]
[BlackElo "2006"]
[PlyCount "65"]
[EventDate "2023.12.27"]
[EventType "swiss"]
[EventRounds "5"]
[EventCountry "CAN"]
[SourceTitle "CB02_2024"]
[SourceDate "2024.01.10"]
[SourceVersion "1"]
[SourceVersionDate "2024.01.10"]
[SourceQuality "1"]

1. e4 g6 2. d4 Bg7 3. Nc3 d6 4. f4 Nc6 5. Nf3 Bg4 6. Bb5 a6 7. Bxc6+ bxc6 8. Be3 Nf6 9. h3 Bc8 10. Qd2 Rb8 11. 0-0-0 Nd7 12. g4 Nb6 13. Qd3 e6 14. Nd2 Qe7 15. Rdf1 f5 16. e5 Nd5 17. a3 0-0 18. g5 Bb7 19. Rh2 c5 20. Nxd5 exd5 21. Nf3 cxd4 22. Bxd4 c5 23. exd6 Qxd6 24. Be5 Bxe5 25. Nxe5 a5 26. Rd1 Qc7 27. h4 Rfc8 28. h5 c4 29. Qc3 gxh5 30. Rxh5 d4 31. Qxd4 Be4 32. g6 hxg6 33. Nxg6 1-0

[Event "Montreal Pere Noel op"]
[Site "Montreal"]
[Date "2016.12.28"]
[Round "3"]
[White "Gagnon, Serge"]
[Black "Marin, Sam"]
[Result "0-1"]
[WhiteElo "2006"]
[BlackElo "1977"]
[PlyCount "80"]
[EventDate "2016.12.26"]
[EventType "swiss"]
[EventRounds "5"]
[EventCountry "CAN"]
[SourceTitle "CBM 176 Extra"]
[Source "ChessBase"]
[SourceDate "2017.03.02"]
[SourceVersion "1"]
[SourceVersionDate "2017.03.02"]
[SourceQuality "1"]

1. d4 Nf6 2. c4 e6 3. Nf3 b6 4. g3 Ba6 5. Qc2 Bb4+ 6. Bd2 Bxd2+ 7. Nbxd2 d5 8. Bg2 0-0 9. 0-0 c6 10. Rac1 Nbd7 11. Rfe1 Bb7 12. b4 a5 13. b5 cxb5 14. cxb5 Rc8 15. Qd3 Ne4 16. Rxc8 Qxc8 17. Qb1 Nxd2 18. Nxd2 Qc3 19. Nb3 a4 20. Rc1 Qb4 21. Na1 Qxd4 22. Qd3 Qb2 23. Qc2 Qxb5 24. Rb1 Qc6 25. Qxc6 Bxc6 26. Nc2 Rc8 27. Nd4 Bb7 28. f4 Ba6 29. Kf2 Kf8 30. Ke3 Ke7 31. Kd2 Kd6 32. Nb5+ Bxb5 33. Rxb5 Rc5 34. Rb4 Rc4 35. Rb1 Kc6 36. e3 Nc5 37. Kd1 Rc3 38. Kd2 Rd3+ 39. Ke2 Ra3 40. Rb2 b5 0-1

[Event "Quebec-ch op"]
[Site "Montreal"]
[Date "2016.07.28"]
[Round "7"]
[White "Gagnon, Serge"]
[Black "Prahov, Valentin Asenov"]
[Result "0-1"]
[WhiteElo "2013"]
[BlackElo "2188"]
[PlyCount "106"]
[EventDate "2016.07.23"]
[EventType "swiss"]
[EventRounds "8"]
[EventCountry "CAN"]
[SourceTitle "CBM 173 Extra"]
[Source "ChessBase"]
[SourceDate "2016.08.29"]
[SourceVersion "1"]
[SourceVersionDate "2016.08.29"]
[SourceQuality "1"]

1. Nf3 Nf6 2. g3 g6 3. Bg2 Bg7 4. 0-0 0-0 5. d4 d5 6. c4 c6 7. Nc3 dxc4 8. a4 Na6 9. Ne5 Be6 10. a5 Nd5 11. Ra4 Nxc3 12. bxc3 Bxe5 13. dxe5 Qxd1 14. Rxd1 Rfd8 15. Re1 Bd5 16. Ba3 Kf8 17. Rb1 Rab8 18. f3 Nc7 19. Bh3 Nb5 20. Bb2 f5 21. Kf2 Be6 22. Ke1 Rd7 23. Rd1 Rbd8 24. Rxd7 Rxd7 25. Bf1 Rd5 26. f4 Nc7 27. e3 Rb5 28. Rb4 Rxb4 29. cxb4 Nb5 30. Kd2 Bd5 31. Be2 h5 32. Bd1 Ke8 33. Ba4 c3+ 34. Bxc3 Nxc3 35. Kxc3 Kd7 36. Kd4 b6 37. Bc2 e6 38. Bd3 Kc7 39. Be2 c5+ 40. bxc5 bxa5 41. Bb5 Bc6 42. Ba6 Bd7 43. Bd3 a4 44. e4 a3 45. Bc4 fxe4 46. Bb3 a5 47. h3 a4 48. Ba2 Kc6 49. g4 hxg4 50. hxg4 e3 51. Kxe3 Kxc5 52. f5 exf5 53. e6 Bxe6 0-1

[Event "Quebec-ch op"]
[Site "Montreal"]
[Date "2016.07.25"]
[Round "4"]
[White "Bolduc, Steve"]
[Black "Gagnon, Serge"]
[Result "1-0"]
[WhiteElo "2194"]
[BlackElo "2013"]
[PlyCount "45"]
[EventDate "2016.07.23"]
[EventType "swiss"]
[EventRounds "8"]
[EventCountry "CAN"]
[SourceTitle "CBM 173 Extra"]
[Source "ChessBase"]
[SourceDate "2016.08.29"]
[SourceVersion "1"]
[SourceVersionDate "2016.08.29"]
[SourceQuality "1"]

1. d4 d6 2. e4 Nf6 3. Nc3 g6 4. Bg5 Bg7 5. Qd2 0-0 6. 0-0-0 c6 7. h4 h5 8. f3 b5 9. Nh3 Nbd7 10. Nf2 Nb6 11. g4 Nc4 12. Bxc4 bxc4 13. Qe2 hxg4 14. fxg4 Qa5 15. e5 dxe5 16. dxe5 Rb8 17. exf6 exf6 18. Bf4 Rxb2 19. Kxb2 f5 20. Rh3 Qb4+ 21. Kc1 Bxc3 22. Rxc3 Qxc3 23. Be5 1-0

[Event "Quebec-ch op"]
[Site "Montreal"]
[Date "2016.07.23"]
[Round "1"]
[White "Dube, Daniel"]
[Black "Gagnon, Serge"]
[Result "0-1"]
[WhiteElo "1678"]
[BlackElo "2013"]
[PlyCount "113"]
[EventDate "2016.07.23"]
[EventType "swiss"]
[EventRounds "8"]
[EventCountry "CAN"]
[SourceTitle "CBM 173 Extra"]
[Source "ChessBase"]
[SourceDate "2016.08.29"]
[SourceVersion "1"]
[SourceVersionDate "2016.08.29"]
[SourceQuality "1"]

1. e4 d6 2. d4 Nf6 3. Bd3 e5 4. c3 Nc6 5. d5 Ne7 6. Nf3 c5 7. 0-0 Ng6 8. a4 Be7 9. Bb5+ Kf8 10. Re1 h5 11. h3 h4 12. Na3 Nh5 13. Kh2 Ngf4 14. Ng1 Bd7 15. Be2 Nxe2 16. Nxe2 f5 17. exf5 Bxf5 18. Nc4 Qe8 19. Ne3 Bd7 20. Ng4 Qf7 21. Rf1 Nf4 22. Nxf4 exf4 23. Qf3 g5 24. Re1 Re8 25. Bd2 Bd8 26. Rxe8+ Bxe8 27. c4 Bd7 28. Bc3 Rh7 29. a5 Qf5 30. Re1 Re7 31. Rxe7 Bxe7 32. Qe2 Qg6 33. f3 Bf5 34. Nf2 Bf6 35. Ne4 Bxc3 36. bxc3 Qe8 37. Kg1 Qe5 38. Qd3 Ke7 39. Qb1 Bxe4 40. fxe4 Qxc3 41. Qxb7+ Kf6 42. Qc8 Qe1+ 43. Kh2 Qg3+ 44. Kg1 Ke5 45. Qe6+ Kd4 46. Qxd6 Kxc4 47. Qa6+ Kb4 48. Qe2 c4 49. d6 f3 50. Qd2+ c3 51. Qd4+ Kb3 52. Qd1+ Kb2 53. Qf1 Qxd6 54. Qb5+ Kc1 55. Qxg5+ Qd2 56. Qg7 f2+ 57. Kh2 0-1

[Event "Pere Noel op"]
[Site "Montreal"]
[Date "2015.12.29"]
[Round "4.11"]
[White "Gagnon, Serge"]
[Black "Gauthier, Denis"]
[Result "1-0"]
[WhiteElo "1960"]
[BlackElo "1959"]
[PlyCount "85"]
[EventDate "2015.12.26"]
[EventType "swiss"]
[EventRounds "5"]
[EventCountry "CAN"]
[SourceTitle "EXT 2019"]
[Source "ChessBase"]
[SourceDate "2018.10.10"]
[SourceVersion "1"]
[SourceVersionDate "2018.10.10"]
[SourceQuality "1"]

1. d4 Nf6 2. c4 e6 3. Nf3 Bb4+ 4. Bd2 Qe7 5. a3 Bxd2+ 6. Qxd2 b6 7. Nc3 Bb7 8. e3 0-0 9. Bd3 c5 10. dxc5 bxc5 11. 0-0-0 Nc6 12. Ne4 Nxe4 13. Bxe4 f5 14. Bxc6 Bxc6 15. Qd6 Qf6 16. Qxc5 Rfe8 17. Qd4 Bxf3 18. gxf3 d5 19. c5 Qe7 20. b4 a5 21. Kb2 axb4 22. axb4 Qb7 23. Kb3 Qb5 24. Ra1 Qe2 25. Rxa8 Rxa8 26. Ra1 Rxa1 27. Qxa1 Qc4+ 28. Ka3 Qa6+ 29. Kb2 Qe2+ 30. Kc3 Qc4+ 31. Kd2 Qxb4+ 32. Qc3 Qb8 33. c6 Qc7 34. Qc5 Kf7 35. Kd3 g5 36. Qb5 Ke7 37. Kd4 h5 38. Qb7 Kd6 39. Qxc7+ Kxc7 40. Ke5 Kxc6 41. Kxe6 f4 42. Kf5 Kc5 43. Kxg5 1-0

[Event "Pere Noel op"]
[Site "Montreal"]
[Date "2015.12.28"]
[Round "3.5"]
[White "Duong, Thanh Nha"]
[Black "Gagnon, Serge"]
[Result "1-0"]
[WhiteElo "2320"]
[BlackElo "1960"]
[PlyCount "73"]
[EventDate "2015.12.26"]
[EventType "swiss"]
[EventRounds "5"]
[EventCountry "CAN"]
[SourceTitle "EXT 2019"]
[Source "ChessBase"]
[SourceDate "2018.10.10"]
[SourceVersion "1"]
[SourceVersionDate "2018.10.10"]
[SourceQuality "1"]

1. b3 e5 2. Bb2 d6 3. c4 Nc6 4. g3 Nf6 5. Bg2 Be7 6. Nf3 0-0 7. 0-0 Bg4 8. h3 Bf5 9. Nc3 Qd7 10. Kh2 Rfe8 11. d4 exd4 12. Nxd4 Nxd4 13. Qxd4 c6 14. Rad1 Bf8 15. e4 Bg6 16. f4 Qc7 17. g4 h6 18. Kh1 Qb6 19. Qd3 Rad8 20. f5 Bh7 21. Na4 Qa5 22. Bc3 Qc7 23. Bxf6 gxf6 24. Qd4 b6 25. Nc3 Re5 26. Qd2 Rde8 27. Bf3 a6 28. a4 Kh8 29. Rg1 Rd8 30. Rg2 Rde8 31. h4 Qd8 32. b4 b5 33. axb5 axb5 34. cxb5 d5 35. Re2 h5 36. bxc6 hxg4 37. c7 1-0

[Event "Quebec op"]
[Site "Montreal"]
[Date "2013.07.23"]
[Round "4"]
[White "Sprumont, Oscar"]
[Black "Gagnon, Serge"]
[Result "1/2-1/2"]
[WhiteElo "1953"]
[BlackElo "2001"]
[PlyCount "53"]
[EventDate "2013.07.21"]
[EventType "swiss"]
[EventRounds "9"]
[EventCountry "CAN"]
[SourceTitle "EXT 2022"]
[Source "ChessBase"]
[SourceDate "2021.10.06"]
[SourceVersion "1"]
[SourceVersionDate "2021.10.06"]
[SourceQuality "1"]

1. Nf3 d6 2. c4 e5 3. Nc3 f5 4. g3 Nf6 5. Bg2 Nc6 6. d3 Be6 7. 0-0 h6 8. Nh4 g5 9. Ng6 Rg8 10. Nxf8 Kxf8 11. e3 Qe8 12. Nd5 Bxd5 13. cxd5 Ne7 14. e4 f4 15. g4 h5 16. h3 Qb5 17. b3 Rh8 18. Bb2 Ng6 19. f3 Nd7 20. Qc2 Qc5+ 21. Qxc5 Nxc5 22. Rfd1 Nd7 23. Rac1 Rc8 24. Rc2 Ke7 25. Rdc1 Kd8 26. b4 Rh7 27. Kf2 1/2-1/2

[Event "Gatineau op"]
[Site "Gatineau"]
[Date "2013.03.02"]
[Round "2"]
[White "Gagnon, Serge"]
[Black "Adriannse, Adam"]
[Result "1-0"]
[WhiteElo "2010"]
[BlackElo "1907"]
[PlyCount "85"]
[EventDate "2013.03.01"]
[EventType "swiss"]
[EventRounds "5"]
[EventCountry "CAN"]
[SourceTitle "EXT 2022"]
[Source "ChessBase"]
[SourceDate "2021.10.06"]
[SourceVersion "1"]
[SourceVersionDate "2021.10.06"]
[SourceQuality "1"]

1. d4 d5 2. c4 c6 3. Nf3 Nf6 4. Nc3 e6 5. Bg5 Nbd7 6. e3 Bb4 7. cxd5 exd5 8. Qa4 Qb6 9. 0-0-0 0-0 10. Bd3 Re8 11. Qc2 h6 12. Bh4 Bxc3 13. bxc3 Ne4 14. Nd2 Ndf6 15. f3 Nxd2 16. Bxf6 gxf6 17. Qxd2 f5 18. Bc2 Bd7 19. e4 Qa6 20. exf5 Re2 21. Qd3 Qxd3 22. Bxd3 Rxg2 23. Rhg1 Rxg1 24. Rxg1+ Kh8 25. Kd2 Re8 26. Rg3 Rg8 27. f6 Rg5 28. Ke3 Rh5 29. Kf4 Rxh2 30. Ke5 Rh5+ 31. Kd6 Be6 32. Kc7 Rh2 33. a4 Rd2 34. f4 Rf2 35. f5 Bxf5 36. Bxf5 Rxf5 37. Kxb7 Rxf6 38. a5 Rf1 39. Kxa7 Rb1 40. a6 Rb5 41. Ka8 Kh7 42. a7 f5 43. Re3 1-0

[Event "Gatineau op"]
[Site "Gatineau"]
[Date "2013.03.01"]
[Round "1"]
[White "Hebert, Jean"]
[Black "Gagnon, Serge"]
[Result "1-0"]
[WhiteElo "2451"]
[BlackElo "2010"]
[PlyCount "31"]
[EventDate "2013.03.01"]
[EventType "swiss"]
[EventRounds "5"]
[EventCountry "CAN"]
[SourceTitle "EXT 2022"]
[Source "ChessBase"]
[SourceDate "2021.10.06"]
[SourceVersion "1"]
[SourceVersionDate "2021.10.06"]
[SourceQuality "1"]

1. Nf3 g6 2. d4 Bg7 3. e4 d5 4. exd5 Qxd5 5. Nc3 Qa5 6. Bc4 Nh6 7. Bxh6 Bxh6 8. Ne5 0-0 9. 0-0 Kg7 10. Nd5 c6 11. Nxe7 Be6 12. Bxe6 fxe6 13. Qg4 Rf6 14. Qh3 Bg5 15. f4 Rxf4 16. Qxe6 1-0

[Event "Quebec op"]
[Site "Montreal"]
[Date "2012.07.28"]
[Round "9"]
[White "Gagnon, Serge"]
[Black "Le Duin, Thierry"]
[Result "0-1"]
[WhiteElo "2027"]
[BlackElo "1938"]
[PlyCount "138"]
[EventDate "2012.07.21"]
[EventType "swiss"]
[EventRounds "9"]
[EventCountry "CAN"]
[SourceTitle "EXT 2022"]
[Source "ChessBase"]
[SourceDate "2021.10.06"]
[SourceVersion "1"]
[SourceVersionDate "2021.10.06"]
[SourceQuality "1"]

1. d4 d5 2. c4 c6 3. Nf3 Nf6 4. Nc3 Bg4 5. Ne5 Bh5 6. Qb3 Qb6 7. Qxb6 axb6 8. cxd5 Nxd5 9. Nxd5 cxd5 10. g4 Bg6 11. e3 e6 12. Bb5+ Kd8 13. h4 f6 14. Nxg6 hxg6 15. f4 Nc6 16. Ke2 Bd6 17. Bd2 Kd7 18. Bc3 Ke7 19. Kd2 Nb4 20. a3 Nc6 21. Bd3 f5 22. h5 Kf6 23. hxg6 Kxg6 24. gxf5+ exf5 25. Rhg1+ Kf6 26. Rg2 g6 27. Rag1 Rh6 28. Rg3 Rh2+ 29. R1g2 Rxg2+ 30. Rxg2 Rh8 31. Kc2 Rh3 32. Bd2 Ne7 33. Bf1 Rh1 34. Rf2 Ke6 35. Bg2 Rg1 36. Kd3 Ng8 37. Ke2 Nf6 38. Bf3 Kf7 39. Rh2 Rb1 40. Bc3 Kg7 41. Kd3 Rf1 42. Rh3 Rf2 43. Be2 Ne4 44. Be1 Rg2 45. Rh1 Be7 46. Bh4 Bxh4 47. Rxh4 Rf2 48. Rh1 Rxe2 49. Kxe2 Ng3+ 50. Kf2 Nxh1+ 51. Kg2 Kf6 52. Kxh1 g5 53. fxg5+ Kxg5 54. Kg2 f4 55. Kf3 fxe3 56. a4 e2 57. Kxe2 Kf4 58. Kd3 Kf3 59. Kc3 Ke3 60. Kb4 Kxd4 61. Kb5 Ke4 62. Kxb6 d4 63. Kxb7 d3 64. b4 d2 65. a5 d1Q 66. b5 Qd5+ 67. Ka6 Qa8+ 68. Kb6 Kd5 69. a6 Qb8+ 0-1

[Event "Quebec op"]
[Site "Montreal"]
[Date "2012.07.27"]
[Round "8"]
[White "Luksza, Arkadiusz"]
[Black "Gagnon, Serge"]
[Result "1-0"]
[WhiteElo "2143"]
[BlackElo "2027"]
[PlyCount "53"]
[EventDate "2012.07.21"]
[EventType "swiss"]
[EventRounds "9"]
[EventCountry "CAN"]
[SourceTitle "EXT 2022"]
[Source "ChessBase"]
[SourceDate "2021.10.06"]
[SourceVersion "1"]
[SourceVersionDate "2021.10.06"]
[SourceQuality "1"]

1. d4 d6 2. c4 e5 3. dxe5 dxe5 4. Qxd8+ Kxd8 5. Nc3 Be6 6. e4 Nd7 7. Nf3 f6 8. Be3 Bb4 9. Rc1 c6 10. Be2 Nh6 11. h3 Nf7 12. 0-0 Kc7 13. Nd5+ Bxd5 14. cxd5 Nd6 15. a3 Ba5 16. dxc6 bxc6 17. b4 Bb6 18. b5 c5 19. Nd2 Rac8 20. a4 Kb7 21. Rfd1 Rhd8 22. Bg4 Kc7 23. a5 Bxa5 24. Nb3 Rb8 25. Bxd7 Kxd7 26. Nxa5 Rxb5 27. Bxc5 1-0

[Event "Quebec op"]
[Site "Montreal"]
[Date "2012.07.25"]
[Round "6"]
[White "Gelet, Seymour"]
[Black "Gagnon, Serge"]
[Result "1/2-1/2"]
[WhiteElo "2009"]
[BlackElo "2027"]
[PlyCount "83"]
[EventDate "2012.07.21"]
[EventType "swiss"]
[EventRounds "9"]
[EventCountry "CAN"]
[SourceTitle "EXT 2022"]
[Source "ChessBase"]
[SourceDate "2021.10.06"]
[SourceVersion "1"]
[SourceVersionDate "2021.10.06"]
[SourceQuality "1"]

1. d4 d6 2. e4 Nf6 3. Nc3 g6 4. Be3 Bg7 5. Qd2 c6 6. f3 b5 7. Bd3 b4 8. Nd1 a5 9. a3 bxa3 10. Rxa3 0-0 11. Ne2 Qc7 12. Ng3 Nbd7 13. c4 e5 14. d5 Nc5 15. h4 h5 16. Nc3 cxd5 17. Nxd5 Nxd5 18. cxd5 Nxd3+ 19. Rxd3 Bd7 20. Ne2 a4 21. Ra3 Rab8 22. 0-0 Bf6 23. Bf2 Qb7 24. Ra2 Bd8 25. Nc3 Qb3 26. Rfa1 Ba5 27. Be1 Bb4 28. Qd1 Qc4 29. Qe2 Bc5+ 30. Kh2 Qd4 31. Bd2 Rb3 32. Qe1 Bb4 33. Rc1 Qd3 34. Nb1 Rb8 35. Bxb4 R8xb4 36. Rc3 Qb5 37. Rxb3 Rxb3 38. Nc3 Qb4 39. Qa1 Qd4 40. Qg1 Qd2 41. Qa7 Be8 42. Qe7 1/2-1/2

[Event "Quebec op"]
[Site "Montreal"]
[Date "2012.07.23"]
[Round "4"]
[White "Ye, Stephen"]
[Black "Gagnon, Serge"]
[Result "0-1"]
[WhiteElo "1913"]
[BlackElo "2027"]
[PlyCount "66"]
[EventDate "2012.07.21"]
[EventType "swiss"]
[EventRounds "9"]
[EventCountry "CAN"]
[SourceTitle "EXT 2022"]
[Source "ChessBase"]
[SourceDate "2021.10.06"]
[SourceVersion "1"]
[SourceVersionDate "2021.10.06"]
[SourceQuality "1"]

1. e4 d6 2. d4 Nf6 3. Nc3 g6 4. Nf3 Bg7 5. h3 0-0 6. Be3 c6 7. a4 Nbd7 8. Be2 e5 9. dxe5 dxe5 10. Nd2 Qe7 11. 0-0 Nc5 12. Bf3 Rd8 13. Qe2 Ne6 14. Rfc1 Nd4 15. Qf1 Qb4 16. Rab1 Nxf3+ 17. Nxf3 Nxe4 18. Nxe4 Qxe4 19. b3 h6 20. Qe2 Bf5 21. Nd2 Qb4 22. Nf1 Rd7 23. Ng3 Be6 24. c3 Qe7 25. a5 f5 26. b4 Qf7 27. f4 Ba2 28. Ra1 Bc4 29. Qd1 e4 30. Ne2 Bxe2 31. Qxe2 Rd3 32. Qe1 Qc4 33. Ra3 a6 0-1

[Event "Quebec op"]
[Site "Montreal"]
[Date "2012.07.21"]
[Round "1"]
[White "Gagnon, Serge"]
[Black "Gedajlovic, Max"]
[Result "1/2-1/2"]
[WhiteElo "2027"]
[BlackElo "1817"]
[PlyCount "102"]
[EventDate "2012.07.21"]
[EventType "swiss"]
[EventRounds "9"]
[EventCountry "CAN"]
[SourceTitle "EXT 2022"]
[Source "ChessBase"]
[SourceDate "2021.10.06"]
[SourceVersion "1"]
[SourceVersionDate "2021.10.06"]
[SourceQuality "1"]

1. d4 Nf6 2. c4 g6 3. Nc3 Bg7 4. e4 d6 5. Nf3 0-0 6. Be2 e5 7. 0-0 Nc6 8. d5 Ne7 9. Ne1 Nd7 10. Be3 f5 11. f3 Nf6 12. Nd3 f4 13. Bf2 b6 14. b4 g5 15. c5 h5 16. Rc1 Rf7 17. a4 g4 18. Kh1 Bh6 19. Rc2 Rg7 20. Nb5 g3 21. Bg1 Bh3 22. Ne1 Bc8 23. Qa1 h4 24. a5 h3 25. cxd6 cxd6 26. Bd3 gxh2 27. Kxh2 Qd7 28. Rc7 Qe8 29. Rxc8 Nxc8 30. gxh3 Qg6 31. Bf2 Qe8 32. axb6 Qd7 33. Nc7 Rb8 34. Bb5 Qe7 35. Ne6 Nxb6 36. Nxg7 Bxg7 37. Bc6 Nc4 38. Qc3 Ne3 39. Rg1 Nd1 40. Qc2 Nxf2 41. Qxf2 Rxb4 42. Nd3 Rb6 43. Ra1 Nh5 44. Nb2 Bf6 45. Qg1+ Ng3 46. Nc4 Rb4 47. Ra4 Rxa4 48. Bxa4 Qc7 49. Bc6 Qb8 50. Ne3 Qb2+ 51. Qg2 Qxg2+ 1/2-1/2

[Event "Quebec-ch classe"]
[Site "Montreal"]
[Date "2012.01.21"]
[Round "2"]
[White "Gagnon, Serge"]
[Black "Luo, Zhao Yang"]
[Result "0-1"]
[WhiteElo "2057"]
[BlackElo "2094"]
[PlyCount "132"]
[EventDate "2012.01.20"]
[EventType "swiss"]
[EventRounds "5"]
[EventCountry "CAN"]
[SourceTitle "EXT 2022"]
[Source "ChessBase"]
[SourceDate "2021.10.06"]
[SourceVersion "1"]
[SourceVersionDate "2021.10.06"]
[SourceQuality "1"]

1. d4 Nf6 2. c4 g6 3. Nc3 Bg7 4. e4 d6 5. Nf3 0-0 6. Be2 e5 7. 0-0 Nc6 8. d5 Ne7 9. Ne1 Nd7 10. Be3 f5 11. f3 f4 12. Bf2 g5 13. g4 h5 14. h3 Kf7 15. Nd3 Rh8 16. Kg2 Nf6 17. c5 Bd7 18. Rc1 Rh6 19. Qb3 Qh8 20. Rh1 Qh7 21. cxd6 cxd6 22. Nxe5+ dxe5 23. d6+ Kg6 24. dxe7 hxg4 25. hxg4 Rh8 26. Rhg1 Nxg4 27. fxg4 Rh2+ 28. Kf1 Rxf2+ 29. Kxf2 Qh4+ 30. Kf1 Qh3+ 31. Ke1 Qe3 32. Kd1 Qxg1+ 33. Kc2 Qe3 34. Qd5 Bc6 35. Qe6+ Bf6 36. Rd1 f3 37. Rd3 Qc5 38. Qf5+ Kg7 39. Rxf3 Qxe7 40. Rd3 Rh2 41. Qf3 Qc5 42. Qe3 Be7 43. Qxc5 Bxc5 44. Kb3 Bd4 45. Bf3 b5 46. a3 a5 47. Rd1 b4 48. axb4 axb4 49. Ne2 Rh3 50. Nxd4 exd4 51. Rd3 Bb5 52. Rxd4 Rxf3+ 53. Kxb4 Bc6 54. Kc5 Ba8 55. Ra4 Bb7 56. e5 Kf7 57. Kd6 Rd3+ 58. Kc7 Rb3 59. e6+ Kxe6 60. Ra5 Kf6 61. Rf5+ Kg6 62. Rf2 Rb4 63. Rd2 Bf3 64. Rd6+ Kf7 65. Rd7+ Ke6 66. Rg7 Rb7+ 0-1

[Event "Montreal Mercredi 11"]
[Site "Montreal"]
[Date "2011.11.16"]
[Round "1"]
[White "Gagnon, Serge"]
[Black "Lopez Linares, Lizandro Fernando"]
[Result "0-1"]
[WhiteElo "2131"]
[BlackElo "2086"]
[PlyCount "112"]
[EventDate "2011.11.16"]
[EventType "swiss"]
[EventRounds "5"]
[EventCountry "CAN"]
[SourceTitle "EXT 2022"]
[Source "ChessBase"]
[SourceDate "2021.10.06"]
[SourceVersion "1"]
[SourceVersionDate "2021.10.06"]
[SourceQuality "1"]

1. d4 d5 2. c4 e6 3. Nc3 Nf6 4. Bg5 Be7 5. Nf3 0-0 6. e3 h6 7. Bh4 Ne4 8. Bxe7 Qxe7 9. Qc2 c6 10. Bd3 Nxc3 11. Qxc3 dxc4 12. Qxc4 Nd7 13. Rc1 e5 14. Nxe5 Nxe5 15. dxe5 Qxe5 16. Qe4 Qxe4 17. Bxe4 Be6 18. a4 a5 19. Rc5 f5 20. Bc2 Bd5 21. f3 b6 22. Rc3 Rad8 23. Bb3 Rf6 24. Rd3 Rfd6 25. Bxd5+ Rxd5 26. Rxd5 Rxd5 27. Ke2 Kf7 28. Rc1 b5 29. axb5 cxb5 30. Rc6 h5 31. h4 b4 32. e4 fxe4 33. fxe4 Rb5 34. Ra6 g5 35. hxg5 Rxg5 36. Kf3 h4 37. Kf2 Ke7 38. Rh6 Rg3 39. Ra6 Rb3 40. Rxa5 Rxb2+ 41. Kf3 Rb1 42. Rb5 b3 43. Kf4 Kd6 44. Rb8 b2 45. Kg4 h3 46. Kg3 Ke5 47. Rb4 hxg2 48. Kxg2 Kf4 49. Kh2 Ke3 50. e5 Kd3 51. Rb8 Kc3 52. e6 Re1 53. Rc8+ Kd4 54. Rd8+ Kc5 55. Rc8+ Kd6 56. Rd8+ Ke7 0-1

[Event "Montreal Varennes op"]
[Site "Montreal"]
[Date "2011.11.05"]
[Round "2"]
[White "Gagnon, Serge"]
[Black "Girouard, Michel"]
[Result "1-0"]
[WhiteElo "2113"]
[BlackElo "1853"]
[PlyCount "45"]
[EventDate "2011.11.04"]
[EventType "swiss"]
[EventRounds "5"]
[EventCountry "CAN"]
[SourceTitle "EXT 2022"]
[Source "ChessBase"]
[SourceDate "2021.10.06"]
[SourceVersion "1"]
[SourceVersionDate "2021.10.06"]
[SourceQuality "1"]

1. d4 f5 2. c4 Nf6 3. Nc3 g6 4. Nh3 Bg7 5. Nf4 0-0 6. h4 d6 7. d5 Re8 8. h5 e5 9. dxe6 Bxe6 10. hxg6 hxg6 11. Nxg6 Bxc4 12. Bg5 Kf7 13. Nf4 Nc6 14. e3 Be6 15. Nxe6 Kxe6 16. Bc4+ Ke7 17. Nd5+ Kf8 18. Nf4 d5 19. Bxd5 Nxd5 20. Bxd8 Nxf4 21. Bxc7 Ne6 22. Bd6+ Kg8 23. Qd5 1-0

[Event "Quebec-ch Elite"]
[Site "Montreal"]
[Date "2011.10.09"]
[Round "4"]
[White "Auger, Bertrand"]
[Black "Gagnon, Serge"]
[Result "0-1"]
[WhiteElo "1931"]
[BlackElo "2121"]
[PlyCount "74"]
[EventDate "2011.10.07"]
[EventType "swiss"]
[EventRounds "7"]
[EventCountry "CAN"]
[SourceTitle "EXT 2022"]
[Source "ChessBase"]
[SourceDate "2021.10.06"]
[SourceVersion "1"]
[SourceVersionDate "2021.10.06"]
[SourceQuality "1"]

1. Nf3 g6 2. c4 Bg7 3. Nc3 e5 4. g3 d6 5. Bg2 f5 6. d3 Ne7 7. 0-0 0-0 8. Qc2 c6 9. b3 Na6 10. Bb2 Nc7 11. Rac1 Ne6 12. e3 g5 13. c5 d5 14. Ne2 Ng6 15. d4 e4 16. Ne5 g4 17. Nf4 Qe8 18. h4 Nxe5 19. dxe5 Nc7 20. Qc3 Nb5 21. Qa5 Bxe5 22. Bxe5 Qxe5 23. Rfd1 Nc7 24. Bf1 Bd7 25. Qd2 Rfb8 26. Qd4 Qxd4 27. Rxd4 Kf7 28. Be2 Ke7 29. b4 b6 30. a3 a5 31. Rc3 axb4 32. axb4 Ra1+ 33. Kg2 bxc5 34. Rxc5 Rb1 35. b5 Nxb5 36. Nxd5+ cxd5 37. Rdxd5 Nd6 0-1

[Event "Quebec-ch Elite"]
[Site "Montreal"]
[Date "2011.10.08"]
[Round "3"]
[White "Gagnon, Serge"]
[Black "Sambuev, Bator"]
[Result "0-1"]
[WhiteElo "2121"]
[BlackElo "2578"]
[PlyCount "82"]
[EventDate "2011.10.07"]
[EventType "swiss"]
[EventRounds "7"]
[EventCountry "CAN"]
[SourceTitle "EXT 2022"]
[Source "ChessBase"]
[SourceDate "2021.10.06"]
[SourceVersion "1"]
[SourceVersionDate "2021.10.06"]
[SourceQuality "1"]

1. d4 Nf6 2. c4 e6 3. Nf3 b6 4. g3 Ba6 5. Qc2 c5 6. Bg2 Bb7 7. 0-0 cxd4 8. Nxd4 Bxg2 9. Kxg2 Qc8 10. e4 Qb7 11. f3 d6 12. Be3 Nbd7 13. Nc3 Be7 14. Rfd1 a6 15. Rac1 0-0 16. Qe2 Rac8 17. b3 Rfe8 18. Qf2 Ne5 19. h3 Nfd7 20. f4 Nc6 21. Kh2 Nxd4 22. Bxd4 b5 23. cxb5 axb5 24. Qe2 b4 25. Qb5 Rb8 26. Qxb7 Rxb7 27. Na4 e5 28. fxe5 dxe5 29. Nc5 Bxc5 30. Bxc5 Ra8 31. Rd2 Rc7 32. Rcd1 Rxc5 33. Rxd7 Rxa2+ 34. R1d2 Rxd2+ 35. Rxd2 f6 36. Rd8+ Kf7 37. Rb8 Rc2+ 38. Kg1 Rc3 39. Rxb4 Rxg3+ 40. Kh2 Re3 41. Kg2 g5 0-1

[Event "Montreal op 91st"]
[Site "Montreal"]
[Date "2011.09.09"]
[Round "1"]
[White "Gagnon, Serge"]
[Black "Roy, Myriam"]
[Result "1/2-1/2"]
[WhiteElo "2101"]
[BlackElo "1957"]
[PlyCount "55"]
[EventDate "2011.09.09"]
[EventType "swiss"]
[EventRounds "5"]
[EventCountry "CAN"]
[SourceTitle "CBM 144 Extra"]
[Source "ChessBase"]
[SourceDate "2011.10.28"]
[SourceVersion "1"]
[SourceVersionDate "2011.10.28"]
[SourceQuality "1"]

1. d4 d5 2. c4 c6 3. Nc3 Nf6 4. Nf3 e6 5. Bg5 Be7 6. e3 Nbd7 7. Qc2 b6 8. cxd5 exd5 9. Bd3 Bb7 10. 0-0 0-0 11. Ne5 h6 12. Bh4 Nxe5 13. dxe5 Ng4 14. Bg3 Bh4 15. Qa4 Bxg3 16. Qxg4 Bxe5 17. Qf5 Re8 18. Qh7+ Kf8 19. e4 Bxc3 20. bxc3 dxe4 21. Bxe4 Qf6 22. Bf3 Re6 23. Rad1 Qg6 24. Qxg6 fxg6 25. Rd7 Ba6 26. Rfd1 Re7 27. R7d6 Rc8 28. g3 1/2-1/2